[Event "EYCC 2024 - O14"]
[Site "?"]
[Date "2024.08.24"]
[Round "3.1"]
[White "Negre, Emilie"]
[Black "Sowinski, Pawel"]
[Result "0-1"]
[BlackElo "2463"]
[WhiteElo "2140"]
[LiveChessVersion "1.4.8"]

1. d4 {[%clk 1:30:57]} Nf6 {[%clk 1:30:56]} 2. c4 {[%clk 1:31:16]} g6
{[%clk 1:31:15]} 3. Nc3 {[%clk 1:31:37]} Bg7 {[%clk 1:31:40]} 4. e4
{[%clk 1:32:00]} d6 {[%clk 1:32:08]} 5. Nf3 {[%clk 1:32:16]} O-O {[%clk 1:32:30]}
6. Bd3 {[%clk 1:32:15]} Bg4 {[%clk 1:29:19]} 7. Be2 {[%clk 1:32:36]} e5
{[%clk 1:10:50]} 8. d5 {[%clk 1:32:54]} Na6 {[%clk 1:06:41]} 9. h3
{[%clk 1:30:16]} Bxf3 {[%clk 0:59:06]} 10. Bxf3 {[%clk 1:30:05]} Nd7
{[%clk 0:59:22]} 11. a3 {[%clk 1:12:11]} f5 {[%clk 0:55:58]} 12. b4
{[%clk 1:07:09]} Nf6 {[%clk 0:56:26]} 13. O-O {[%clk 1:04:11]} Qe8
{[%clk 0:51:57]} 14. Qc2 {[%clk 0:59:21]} f4 {[%clk 0:52:05]} 15. g4
{[%clk 0:47:08]} g5 {[%clk 0:52:15]} 16. Bd1 {[%clk 0:40:41]} c6 {[%clk 0:44:50]}
17. dxc6 {[%clk 0:36:29]} bxc6 {[%clk 0:45:12]} 18. f3 {[%clk 0:35:02]} Nc7
{[%clk 0:45:28]} 19. Qd3 {[%clk 0:31:12]} Rd8 {[%clk 0:45:03]} 20. Bb3
{[%clk 0:30:59]} Kh8 {[%clk 0:43:59]} 21. Bd2 {[%clk 0:28:28]} Qg6
{[%clk 0:43:23]} 22. Qe2 {[%clk 0:22:57]} Ne6 {[%clk 0:33:59]} 23. Rac1
{[%clk 0:14:52]} Nd4 {[%clk 0:28:19]} 24. Qd1 {[%clk 0:15:15]} Qf7
{[%clk 0:20:17]} 25. Ba2 {[%clk 0:14:40]} Qb7 {[%clk 0:19:13]} 26. Be1
{[%clk 0:12:00]} Qa6 {[%clk 0:16:54]} 27. Ne2 {[%clk 0:04:40]} d5
{[%clk 0:13:28]} 28. Nxd4 {[%clk 0:03:52]} dxe4 {[%clk 0:13:26]} 29. Bc3
{[%clk 0:01:57]} exd4 {[%clk 0:13:55]} 30. Bxd4 {[%clk 0:02:16]} Qxa3
{[%clk 0:13:35]} 31. Rf2 {[%clk 0:00:44]} Rxd4 {[%clk 0:13:59]} 0-1

[Event "EYCC 2024 - O14"]
[Site "?"]
[Date "2024.08.24"]
[Round "3.2"]
[White "Topencik, Bruno"]
[Black "Ilinca, Felix-Antonio"]
[Result "0-1"]
[BlackElo "2386"]
[WhiteElo "2107"]
[LiveChessVersion "1.4.8"]

1. Nf3 {[%clk 1:30:55]} Nf6 {[%clk 1:26:46]} 2. b3 {[%clk 1:30:22]} g6
{[%clk 1:25:58]} 3. Bb2 {[%clk 1:29:37]} Bg7 {[%clk 1:25:39]} 4. e3
{[%clk 1:28:07]} O-O {[%clk 1:24:53]} 5. Be2 {[%clk 1:27:26]} c5 {[%clk 1:20:42]}
6. c4 {[%clk 1:22:58]} Nc6 {[%clk 1:18:06]} 7. O-O {[%clk 1:20:51]} d5
{[%clk 1:16:35]} 8. cxd5 {[%clk 1:17:34]} Qxd5 {[%clk 1:16:19]} 9. Nc3
{[%clk 1:15:59]} Qf5 {[%clk 1:15:51]} 10. a3 {[%clk 1:14:09]} Rd8
{[%clk 1:12:48]} 11. d3 {[%clk 1:09:50]} b6 {[%clk 1:08:30]} 12. Qc2
{[%clk 1:05:37]} Ba6 {[%clk 0:58:28]} 13. Rfd1 {[%clk 0:59:19]} Rac8
{[%clk 0:54:53]} 14. Ne4 {[%clk 0:59:19]} e5 {[%clk 0:54:53]} 15. Nxf6+
{[%clk 0:56:03]} Bxf6 {[%clk 0:54:35]} 16. Rac1 {[%clk 0:53:37]} Rd6
{[%clk 0:50:00]} 17. Rd2 {[%clk 0:51:38]} Rcd8 {[%clk 0:44:31]} 18. Rcd1
{[%clk 0:48:31]} Qe6 {[%clk 0:41:48]} 19. Bc3 {[%clk 0:45:51]} e4
{[%clk 0:35:46]} 20. Ne1 {[%clk 0:42:41]} Nd4 {[%clk 0:31:45]} 21. exd4
{[%clk 0:31:23]} cxd4 {[%clk 0:31:47]} 22. Bb4 {[%clk 0:29:08]} e3
{[%clk 0:30:31]} 23. Bxd6 {[%clk 0:27:36]} Qxd6 {[%clk 0:28:00]} 24. Qb2
{[%clk 0:25:33]} exd2 {[%clk 0:28:00]} 25. Nf3 {[%clk 0:25:33]} Qe6
{[%clk 0:24:48]} 26. Bf1 {[%clk 0:24:50]} Qf5 {[%clk 0:20:41]} 27. Qxd2
{[%clk 0:24:02]} Bb7 {[%clk 0:20:12]} 28. Be2 {[%clk 0:21:36]} Rc8
{[%clk 0:19:06]} 29. Rc1 {[%clk 0:18:48]} Rc3 {[%clk 0:18:41]} 30. Rxc3
{[%clk 0:18:39]} dxc3 {[%clk 0:19:04]} 31. Qc2 {[%clk 0:17:10]} Qa5
{[%clk 0:15:14]} 32. a4 {[%clk 0:17:10]} Qb4 {[%clk 0:15:08]} 33. h3
{[%clk 0:14:35]} Bd5 {[%clk 0:13:37]} 34. Bd1 {[%clk 0:14:51]} a6
{[%clk 0:12:45]} 35. Kh1 {[%clk 0:13:39]} Qa3 {[%clk 0:12:24]} 36. Kg1
{[%clk 0:13:14]} Kg7 {[%clk 0:09:36]} 37. Kf1 {[%clk 0:12:26]} h5
{[%clk 0:09:29]} 38. Kg1 {[%clk 0:11:23]} Qa1 {[%clk 0:07:59]} 39. Kh2
{[%clk 0:10:32]} Bxf3 {[%clk 0:05:22]} 40. gxf3 {[%clk 0:08:02]} Qb2
{[%clk 0:05:40]} 41. Kg2 {[%clk 0:08:05]} Bd4 {[%clk 0:05:19]} 42. f4
{[%clk 0:07:40]} Kf6 {[%clk 0:03:34]} 43. Kf3 {[%clk 0:06:42]} a5
{[%clk 0:03:51]} 44. Qe2 {[%clk 0:02:27]} Qxe2+ {[%clk 0:02:38]} 45. Kxe2
{[%clk 0:02:47]} Ke6 {[%clk 0:02:45]} 46. Kf3 {[%clk 0:01:09]} Kd5
{[%clk 0:02:23]} 47. b4 {[%clk 0:00:34]} axb4 {[%clk 0:01:56]} 48. Bb3+
{[%clk 0:00:58]} Kd6 {[%clk 0:01:31]} 49. Ke2 {[%clk 0:01:12]} Ke7
{[%clk 0:01:29]} 50. Kf3 {[%clk 0:01:20]} f6 {[%clk 0:01:14]} 51. Ke2
{[%clk 0:00:57]} g5 {[%clk 0:01:18]} 52. fxg5 {[%clk 0:01:03]} fxg5
{[%clk 0:01:43]} 53. Kf3 {[%clk 0:01:20]} Kf6 {[%clk 0:02:02]} 54. Kg3
{[%clk 0:01:19]} Kf5 {[%clk 0:01:55]} 55. Kf3 {[%clk 0:01:32]} Ke5
{[%clk 0:02:06]} 56. Bc2 {[%clk 0:01:24]} Bc5 {[%clk 0:02:28]} 57. Ke2
{[%clk 0:01:20]} Kd4 {[%clk 0:02:42]} 58. Bb3 {[%clk 0:00:46]} Bd6
{[%clk 0:02:19]} 59. Bc2 {[%clk 0:00:46]} Bf4 {[%clk 0:02:34]} 60. Kd1
{[%clk 0:00:33]} g4 {[%clk 0:02:11]} 61. hxg4 {[%clk 0:00:48]} h4
{[%clk 0:02:14]} 62. Ke2 {[%clk 0:00:35]} h3 {[%clk 0:02:38]} 63. Kf3
{[%clk 0:00:40]} h2 {[%clk 0:02:39]} 64. Kg2 {[%clk 0:01:02]} b3 {[%clk 0:03:04]}
65. Bxb3 {[%clk 0:01:28]} Kxd3 {[%clk 0:03:30]} 66. g5 {[%clk 0:01:40]} Bxg5
{[%clk 0:03:40]} 67. Kxh2 {[%clk 0:02:00]} c2 {[%clk 0:04:04]} 0-1

[Event "EYCC 2024 - O14"]
[Site "?"]
[Date "2024.08.24"]
[Round "3.3"]
[White "Cieslak, Patryk"]
[Black "Stefanovic, Bosko"]
[Result "0-1"]
[BlackElo "2112"]
[WhiteElo "2374"]
[LiveChessVersion "1.4.8"]

1. d4 {[%clk 1:30:56]} Nf6 {[%clk 1:30:46]} 2. c4 {[%clk 1:31:22]} e6
{[%clk 1:31:04]} 3. Nc3 {[%clk 1:31:14]} c5 {[%clk 1:31:08]} 4. d5
{[%clk 1:31:09]} exd5 {[%clk 1:31:31]} 5. cxd5 {[%clk 1:31:35]} d6
{[%clk 1:31:54]} 6. e4 {[%clk 1:31:59]} g6 {[%clk 1:32:00]} 7. f4
{[%clk 1:31:47]} Bg7 {[%clk 1:32:04]} 8. Bb5+ {[%clk 1:31:35]} Nfd7
{[%clk 1:32:31]} 9. a4 {[%clk 1:31:37]} Qh4+ {[%clk 1:30:38]} 10. g3
{[%clk 1:26:27]} Qe7 {[%clk 1:30:42]} 11. Nf3 {[%clk 1:14:41]} O-O
{[%clk 1:30:22]} 12. O-O {[%clk 1:11:29]} a6 {[%clk 1:22:58]} 13. Bd3
{[%clk 1:03:19]} c4 {[%clk 1:20:28]} 14. Bxc4 {[%clk 1:00:51]} Nc5
{[%clk 1:20:32]} 15. Qc2 {[%clk 0:47:16]} Bg4 {[%clk 1:17:02]} 16. Bd2
{[%clk 0:37:48]} Nbd7 {[%clk 1:14:02]} 17. Rae1 {[%clk 0:37:00]} Rac8
{[%clk 1:11:26]} 18. Ba2 {[%clk 0:32:27]} Rfe8 {[%clk 1:09:51]} 19. Bb1
{[%clk 0:24:31]} Qd8 {[%clk 0:53:29]} 20. Ng5 {[%clk 0:13:18]} Nb6
{[%clk 0:51:17]} 21. h3 {[%clk 0:12:10]} Bd7 {[%clk 0:51:25]} 22. e5
{[%clk 0:11:39]} Bf5 {[%clk 0:42:58]} 23. Qd1 {[%clk 0:12:07]} Bxb1
{[%clk 0:41:37]} 24. Qxb1 {[%clk 0:10:36]} Nc4 {[%clk 0:41:28]} 25. Bc1
{[%clk 0:09:29]} dxe5 {[%clk 0:38:26]} 26. f5 {[%clk 0:09:17]} e4
{[%clk 0:28:05]} 27. fxg6 {[%clk 0:09:14]} fxg6 {[%clk 0:28:22]} 28. Ngxe4
{[%clk 0:07:28]} Nxe4 {[%clk 0:22:02]} 29. Rxe4 {[%clk 0:07:01]} Qb6+
{[%clk 0:20:19]} 30. Kh1 {[%clk 0:07:24]} Bxc3 {[%clk 0:20:06]} 31. Rxe8+
{[%clk 0:07:47]} Rxe8 {[%clk 0:20:35]} 32. Qc2 {[%clk 0:07:17]} Qd4
{[%clk 0:20:10]} 33. bxc3 {[%clk 0:05:19]} Qxd5+ {[%clk 0:20:38]} 34. Qg2
{[%clk 0:05:22]} Qxg2+ {[%clk 0:19:05]} 35. Kxg2 {[%clk 0:05:51]} Re2+
{[%clk 0:19:08]} 36. Kf3 {[%clk 0:04:51]} Ra2 {[%clk 0:18:54]} 37. Bh6
{[%clk 0:04:58]} Kf7 {[%clk 0:17:29]} 38. Re1 {[%clk 0:03:39]} Rxa4
{[%clk 0:15:45]} 39. Bg5 {[%clk 0:04:08]} Ra5 {[%clk 0:15:15]} 40. Re7+
{[%clk 0:03:00]} Kf8 {[%clk 0:15:22]} 41. Rc7 {[%clk 0:03:27]} Rxg5
{[%clk 0:14:43]} 42. Rxc4 {[%clk 0:03:56]} Re5 {[%clk 0:14:44]} 43. Kf4
{[%clk 0:03:59]} Re7 {[%clk 0:15:00]} 44. Rc8+ {[%clk 0:04:24]} Kf7
{[%clk 0:14:48]} 45. c4 {[%clk 0:04:40]} Ke6 {[%clk 0:14:50]} 46. Kg5
{[%clk 0:04:30]} Kd6 {[%clk 0:14:14]} 47. g4 {[%clk 0:03:18]} Rc7
{[%clk 0:13:59]} 48. Ra8 {[%clk 0:03:11]} Kc5 {[%clk 0:13:33]} 49. h4
{[%clk 0:02:39]} Kb4 {[%clk 0:12:49]} 50. Ra7 {[%clk 0:02:33]} Kxc4
{[%clk 0:12:39]} 51. h5 {[%clk 0:01:57]} gxh5 {[%clk 0:13:01]} 52. gxh5
{[%clk 0:02:16]} Kb4 {[%clk 0:13:06]} 53. Ra8 {[%clk 0:02:02]} a5
{[%clk 0:13:12]} 54. Rf8 {[%clk 0:01:50]} a4 {[%clk 0:13:00]} 55. Rf4+
{[%clk 0:02:17]} Ka5 {[%clk 0:13:20]} 56. Rf3 {[%clk 0:02:26]} b5
{[%clk 0:13:11]} 57. Kh6 {[%clk 0:02:23]} Kb6 {[%clk 0:13:03]} 58. Ra3
{[%clk 0:01:51]} Ra7 {[%clk 0:12:30]} 59. Rf3 {[%clk 0:01:49]} a3
{[%clk 0:12:39]} 60. Rf6+ {[%clk 0:01:56]} Ka5 {[%clk 0:12:55]} 61. Rf2
{[%clk 0:01:52]} Ka4 {[%clk 0:12:05]} 62. Rf4+ {[%clk 0:02:16]} b4
{[%clk 0:12:27]} 63. Rf2 {[%clk 0:02:44]} b3 {[%clk 0:11:54]} 64. Rf4+
{[%clk 0:03:10]} Kb5 {[%clk 0:12:19]} 65. Rf5+ {[%clk 0:03:35]} Kc4
{[%clk 0:12:41]} 66. Rf4+ {[%clk 0:04:00]} Kd5 {[%clk 0:12:40]} 67. Rf5+
{[%clk 0:04:29]} Ke4 {[%clk 0:12:49]} 68. Rf4+ {[%clk 0:04:57]} Ke3
{[%clk 0:12:42]} 0-1

[Event "EYCC 2024 - O14"]
[Site "?"]
[Date "2024.08.24"]
[Round "3.4"]
[White "Haug, Havard"]
[Black "Laignel, Quentin"]
[Result "1-0"]
[BlackElo "2101"]
[WhiteElo "2315"]
[LiveChessVersion "1.4.8"]

1. e4 {[%clk 1:30:50]} c6 {[%clk 1:30:48]} 2. Nf3 {[%clk 1:30:24]} d5
{[%clk 1:30:52]} 3. Nc3 {[%clk 1:30:40]} dxe4 {[%clk 1:27:52]} 4. Nxe4
{[%clk 1:31:07]} Nf6 {[%clk 1:27:05]} 5. Qe2 {[%clk 1:29:15]} Na6
{[%clk 1:24:37]} 6. d4 {[%clk 1:24:12]} Nxe4 {[%clk 1:23:18]} 7. Qxe4
{[%clk 1:24:34]} Qd5 {[%clk 1:22:37]} 8. Qxd5 {[%clk 1:22:08]} cxd5
{[%clk 1:23:00]} 9. Bxa6 {[%clk 1:20:52]} bxa6 {[%clk 1:23:22]} 10. Bf4
{[%clk 1:18:01]} e6 {[%clk 1:12:40]} 11. Ne5 {[%clk 1:16:33]} Bd7
{[%clk 1:10:47]} 12. Nxd7 {[%clk 1:10:20]} Kxd7 {[%clk 1:11:09]} 13. Kd2
{[%clk 1:10:44]} a5 {[%clk 1:06:50]} 14. a4 {[%clk 1:05:29]} Bd6 {[%clk 1:02:15]}
15. Bxd6 {[%clk 1:04:46]} Kxd6 {[%clk 1:02:40]} 16. Rhe1 {[%clk 1:04:39]} Rab8
{[%clk 1:01:25]} 17. b3 {[%clk 1:04:30]} h5 {[%clk 0:58:23]} 18. Re3
{[%clk 1:01:08]} Rh6 {[%clk 0:49:43]} 19. Rg3 {[%clk 0:59:46]} Rf6
{[%clk 0:28:27]} 20. f3 {[%clk 0:55:50]} g6 {[%clk 0:26:53]} 21. Rf1
{[%clk 0:49:36]} Rf4 {[%clk 0:20:17]} 22. Ke3 {[%clk 0:49:43]} Rh4
{[%clk 0:20:37]} 23. h3 {[%clk 0:49:43]} Rc8 {[%clk 0:20:25]} 24. Kd3
{[%clk 0:49:09]} Rf4 {[%clk 0:20:37]} 25. Rg5 {[%clk 0:48:10]} Rf5
{[%clk 0:12:02]} 26. f4 {[%clk 0:47:41]} h4 {[%clk 0:11:37]} 27. Rg4
{[%clk 0:46:15]} Rh5 {[%clk 0:11:23]} 28. Re1 {[%clk 0:36:47]} Rb8
{[%clk 0:08:57]} 29. Re3 {[%clk 0:36:20]} Rb4 {[%clk 0:09:13]} 30. Kc3
{[%clk 0:35:46]} Rh8 {[%clk 0:08:15]} 31. Rd3 {[%clk 0:36:06]} Rb6
{[%clk 0:07:12]} 32. Kd2 {[%clk 0:36:22]} Rc6 {[%clk 0:05:43]} 33. Rc3
{[%clk 0:34:43]} Rxc3 {[%clk 0:03:57]} 34. Kxc3 {[%clk 0:34:36]} Rh6
{[%clk 0:02:55]} 35. Kd3 {[%clk 0:33:20]} Rh5 {[%clk 0:01:49]} 36. Rg5
{[%clk 0:32:24]} Rxg5 {[%clk 0:00:52]} 37. fxg5 {[%clk 0:32:45]} e5
{[%clk 0:01:14]} 38. dxe5+ {[%clk 0:31:58]} Kxe5 {[%clk 0:01:42]} 39. c3
{[%clk 0:30:49]} Kf4 {[%clk 0:00:43]} 40. Kd4 {[%clk 0:31:02]} Kg3
{[%clk 0:00:49]} 41. c4 {[%clk 0:31:24]} dxc4 {[%clk 0:00:45]} 42. bxc4
{[%clk 0:31:52]} Kxg2 {[%clk 0:00:53]} 43. c5 {[%clk 0:32:22]} Kxh3
{[%clk 0:01:13]} 44. c6 {[%clk 0:32:49]} Kg2 {[%clk 0:01:08]} 45. c7
{[%clk 0:33:15]} h3 {[%clk 0:01:27]} 46. c8=Q {[%clk 0:33:37]} h2
{[%clk 0:01:44]} 47. Qg4+ {[%clk 0:34:04]} 1-0

[Event "EYCC 2024 - O14"]
[Site "?"]
[Date "2024.08.24"]
[Round "3.5"]
[White "Sandmann, Villads Majvang"]
[Black "Korchynskyi, Mykola"]
[Result "0-1"]
[BlackElo "2312"]
[WhiteElo "2068"]
[LiveChessVersion "1.4.8"]

1. d4 {[%clk 1:30:56]} Nf6 {[%clk 1:30:46]} 2. c4 {[%clk 1:31:19]} e6
{[%clk 1:31:12]} 3. Nf3 {[%clk 1:31:44]} d5 {[%clk 1:30:29]} 4. g3
{[%clk 1:32:05]} Be7 {[%clk 1:30:52]} 5. Bg2 {[%clk 1:32:26]} O-O
{[%clk 1:31:14]} 6. O-O {[%clk 1:32:48]} a5 {[%clk 1:31:43]} 7. Qc2
{[%clk 1:30:29]} Nc6 {[%clk 1:31:04]} 8. Nbd2 {[%clk 1:25:35]} Nb4
{[%clk 1:14:37]} 9. Qb1 {[%clk 1:24:28]} dxc4 {[%clk 0:58:04]} 10. Nxc4
{[%clk 1:22:20]} b5 {[%clk 0:54:24]} 11. Na3 {[%clk 1:12:49]} Bb7
{[%clk 0:53:24]} 12. Bf4 {[%clk 1:08:07]} Be4 {[%clk 0:52:05]} 13. Qc1
{[%clk 1:03:58]} c6 {[%clk 0:52:07]} 14. Qd2 {[%clk 0:59:55]} Qb6
{[%clk 0:49:16]} 15. Ne5 {[%clk 0:48:52]} Rad8 {[%clk 0:44:26]} 16. Be3
{[%clk 0:43:31]} Bxg2 {[%clk 0:34:57]} 17. Kxg2 {[%clk 0:43:06]} c5
{[%clk 0:34:09]} 18. dxc5 {[%clk 0:38:46]} Qb7+ {[%clk 0:34:21]} 19. c6
{[%clk 0:38:31]} Nxc6 {[%clk 0:34:44]} 20. Nd3 {[%clk 0:38:22]} Bb4
{[%clk 0:28:34]} 21. Qd1 {[%clk 0:36:20]} Ne5+ {[%clk 0:26:31]} 22. f3
{[%clk 0:35:01]} Nc4 {[%clk 0:26:01]} 23. Qc1 {[%clk 0:26:00]} Nxe3+
{[%clk 0:20:53]} 24. Qxe3 {[%clk 0:26:22]} Nd5 {[%clk 0:21:19]} 25. Qf2
{[%clk 0:20:49]} Bd2 {[%clk 0:20:30]} 26. Kh1 {[%clk 0:19:05]} Be3
{[%clk 0:20:15]} 27. Qe1 {[%clk 0:17:09]} Qa6 {[%clk 0:17:15]} 28. Nc2
{[%clk 0:14:59]} Rc8 {[%clk 0:17:40]} 29. Qb1 {[%clk 0:12:52]} h5
{[%clk 0:11:55]} 30. Nxe3 {[%clk 0:10:57]} Nxe3 {[%clk 0:12:20]} 31. Rc1
{[%clk 0:11:23]} h4 {[%clk 0:11:59]} 32. gxh4 {[%clk 0:05:05]} Nf5
{[%clk 0:09:57]} 33. Rxc8 {[%clk 0:04:22]} Rxc8 {[%clk 0:10:22]} 34. Qe1
{[%clk 0:04:45]} Rc4 {[%clk 0:06:14]} 35. Rc1 {[%clk 0:03:47]} Qd6
{[%clk 0:05:56]} 36. Rxc4 {[%clk 0:02:20]} bxc4 {[%clk 0:06:20]} 37. Nf2
{[%clk 0:02:44]} Qd4 {[%clk 0:05:33]} 38. Nd1 {[%clk 0:01:27]} Nxh4
{[%clk 0:05:54]} 39. Nc3 {[%clk 0:01:07]} Qf4 {[%clk 0:04:20]} 40. Ne4
{[%clk 0:00:46]} Nf5 {[%clk 0:01:25]} 41. Qd2 {[%clk 0:00:54]} Qh4
{[%clk 0:00:42]} 42. Qxa5 {[%clk 0:00:52]} Ne3 {[%clk 0:00:38]} 43. Ng3
{[%clk 0:00:34]} Nd5 {[%clk 0:00:31]} 44. a4 {[%clk 0:00:36]} Qd4
{[%clk 0:00:43]} 45. Qd8+ {[%clk 0:00:34]} Kh7 {[%clk 0:01:09]} 46. Qg5
{[%clk 0:00:46]} Ne3 {[%clk 0:00:36]} 47. h4 {[%clk 0:00:37]} Qd1+
{[%clk 0:00:31]} 48. Kh2 {[%clk 0:01:02]} Qd2 {[%clk 0:00:35]} 49. a5
{[%clk 0:01:02]} Qd4 {[%clk 0:00:54]} 50. a6 {[%clk 0:01:06]} Nd5
{[%clk 0:01:01]} 51. Qh5+ {[%clk 0:00:51]} Kg8 {[%clk 0:01:23]} 52. Ne4
{[%clk 0:00:44]} Qxb2 {[%clk 0:00:49]} 53. Qe5 {[%clk 0:00:38]} Qxe5+
{[%clk 0:01:10]} 0-1

[Event "EYCC 2024 - O14"]
[Site "?"]
[Date "2024.08.24"]
[Round "3.6"]
[White "Delgerdalai, Bayarjavkhlan"]
[Black "Gubin, Dmitrii"]
[Result "1-0"]
[BlackElo "2084"]
[WhiteElo "2278"]
[LiveChessVersion "1.4.8"]

1. c4 {[%clk 1:30:43]} e6 {[%clk 1:30:39]} 2. Nf3 {[%clk 1:31:08]} d5
{[%clk 1:30:57]} 3. e3 {[%clk 1:31:35]} Nf6 {[%clk 1:31:01]} 4. b3
{[%clk 1:32:00]} Bd6 {[%clk 1:31:15]} 5. Bb2 {[%clk 1:32:16]} O-O
{[%clk 1:31:17]} 6. Nc3 {[%clk 1:32:13]} Re8 {[%clk 1:31:21]} 7. Nb5
{[%clk 1:17:15]} Be7 {[%clk 1:28:12]} 8. Be5 {[%clk 1:13:51]} Na6
{[%clk 1:27:16]} 9. Be2 {[%clk 1:11:34]} c6 {[%clk 1:22:15]} 10. Nc3
{[%clk 1:12:01]} Nc5 {[%clk 1:17:15]} 11. O-O {[%clk 1:09:34]} a5
{[%clk 1:09:04]} 12. Qc2 {[%clk 1:06:36]} b6 {[%clk 0:57:04]} 13. d4
{[%clk 0:33:13]} Ncd7 {[%clk 0:54:35]} 14. Bd3 {[%clk 0:29:23]} Bb7
{[%clk 0:52:56]} 15. Bg3 {[%clk 0:28:06]} c5 {[%clk 0:27:43]} 16. Nb5
{[%clk 0:18:09]} Rc8 {[%clk 0:22:50]} 17. Ne5 {[%clk 0:18:01]} cxd4
{[%clk 0:12:32]} 18. exd4 {[%clk 0:18:15]} Nxe5 {[%clk 0:12:32]} 19. dxe5
{[%clk 0:16:38]} Ne4 {[%clk 0:12:56]} 20. Bxe4 {[%clk 0:16:46]} dxe4
{[%clk 0:13:24]} 21. Rad1 {[%clk 0:17:00]} Bd5 {[%clk 0:13:08]} 22. Qe2
{[%clk 0:16:59]} 1-0

[Event "EYCC 2024 - O14"]
[Site "?"]
[Date "2024.08.24"]
[Round "3.7"]
[White "Villa Tornero, Alex"]
[Black "Kurt, Sascha"]
[Result "1-0"]
[BlackElo "2064"]
[WhiteElo "2241"]
[LiveChessVersion "1.4.8"]

1. e4 {[%clk 1:30:35]} c5 {[%clk 1:30:51]} 2. Nf3 {[%clk 1:30:53]} d6
{[%clk 1:31:17]} 3. d4 {[%clk 1:30:45]} cxd4 {[%clk 1:31:43]} 4. Nxd4
{[%clk 1:31:09]} Nf6 {[%clk 1:32:08]} 5. Nc3 {[%clk 1:31:27]} a6 {[%clk 1:32:19]}
6. h4 {[%clk 1:31:22]} e5 {[%clk 1:32:43]} 7. Nb3 {[%clk 1:31:47]} Be7
{[%clk 1:33:07]} 8. Bg5 {[%clk 1:32:06]} Be6 {[%clk 1:33:23]} 9. Bxf6
{[%clk 1:32:04]} Bxf6 {[%clk 1:33:47]} 10. g3 {[%clk 1:32:29]} O-O
{[%clk 1:33:46]} 11. Bh3 {[%clk 1:31:32]} Be7 {[%clk 1:29:58]} 12. Nd5
{[%clk 1:11:46]} Nd7 {[%clk 1:27:22]} 13. Qd2 {[%clk 1:09:46]} Nb6
{[%clk 1:24:17]} 14. O-O-O {[%clk 1:02:40]} Bxd5 {[%clk 1:21:02]} 15. exd5
{[%clk 1:01:53]} f5 {[%clk 1:19:54]} 16. f4 {[%clk 1:00:53]} Rc8 {[%clk 0:58:10]}
17. fxe5 {[%clk 0:53:45]} Nc4 {[%clk 0:58:22]} 18. Qe2 {[%clk 0:49:41]} dxe5
{[%clk 0:57:14]} 19. Rhf1 {[%clk 0:49:10]} g6 {[%clk 0:55:23]} 20. g4
{[%clk 0:44:54]} Bxh4 {[%clk 0:54:36]} 21. gxf5 {[%clk 0:43:05]} Ne3
{[%clk 0:36:59]} 22. Kb1 {[%clk 0:40:12]} Nxf1 {[%clk 0:34:28]} 23. fxg6
{[%clk 0:38:25]} Ng3 {[%clk 0:19:34]} 24. gxh7+ {[%clk 0:27:03]} Kxh7
{[%clk 0:19:07]} 25. Qxe5 {[%clk 0:23:17]} Qc7 {[%clk 0:19:06]} 26. Qxc7+
{[%clk 0:18:37]} Rxc7 {[%clk 0:19:31]} 27. d6 {[%clk 0:19:05]} Rcf7
{[%clk 0:14:53]} 28. Nc5 {[%clk 0:19:06]} Nf5 {[%clk 0:11:33]} 29. a3
{[%clk 0:16:05]} Kg6 {[%clk 0:09:25]} 30. d7 {[%clk 0:15:41]} Rd8
{[%clk 0:09:29]} 31. Ne6 {[%clk 0:15:41]} Rh8 {[%clk 0:06:26]} 32. Rg1+
{[%clk 0:14:10]} Ng3 {[%clk 0:06:39]} 33. d8=Q {[%clk 0:12:39]} Bxd8
{[%clk 0:07:06]} 34. Rxg3+ {[%clk 0:12:59]} Kf6 {[%clk 0:07:20]} 35. Nc5
{[%clk 0:12:52]} Ke5 {[%clk 0:06:09]} 36. Rd3 {[%clk 0:12:28]} Rc7
{[%clk 0:03:38]} 37. Nd7+ {[%clk 0:11:34]} Kf4 {[%clk 0:03:48]} 38. Nb6
{[%clk 0:10:29]} Ke5 {[%clk 0:04:00]} 39. Re3+ {[%clk 0:09:16]} Kd4
{[%clk 0:03:52]} 40. Rd3+ {[%clk 0:09:08]} Ke5 {[%clk 0:03:31]} 41. Re3+
{[%clk 0:08:31]} Kd4 {[%clk 0:03:54]} 42. Rg3 {[%clk 0:08:00]} Rch7
{[%clk 0:04:01]} 43. Rd3+ {[%clk 0:08:12]} Kc5 {[%clk 0:03:49]} 44. Nd7+
{[%clk 0:07:52]} Kc6 {[%clk 0:04:04]} 45. Bg2+ {[%clk 0:07:41]} Kc7
{[%clk 0:04:28]} 46. Nc5 {[%clk 0:08:01]} Rg8 {[%clk 0:02:53]} 47. Bxb7
{[%clk 0:06:21]} Kb6 {[%clk 0:02:24]} 48. Be4 {[%clk 0:06:01]} Rh4
{[%clk 0:02:22]} 49. Na4+ {[%clk 0:05:30]} Kc7 {[%clk 0:02:12]} 50. Nc3
{[%clk 0:05:40]} Rg1+ {[%clk 0:02:18]} 51. Ka2 {[%clk 0:06:06]} Rc1
{[%clk 0:02:15]} 52. Bf5 {[%clk 0:05:40]} Bg5 {[%clk 0:02:17]} 53. Nd5+
{[%clk 0:05:36]} Kb7 {[%clk 0:02:04]} 54. Rb3+ {[%clk 0:05:49]} Kc6
{[%clk 0:02:12]} 55. Nb4+ {[%clk 0:06:10]} Kd6 {[%clk 0:02:15]} 56. Nxa6
{[%clk 0:06:25]} Rhh1 {[%clk 0:02:30]} 57. Rb6+ {[%clk 0:06:23]} Ke5
{[%clk 0:02:50]} 58. Rb5+ {[%clk 0:06:46]} Kd4 {[%clk 0:02:48]} 59. Nc5
{[%clk 0:06:44]} Ra1+ {[%clk 0:02:44]} 60. Kb3 {[%clk 0:07:13]} Bc1
{[%clk 0:02:33]} 61. Nd3 {[%clk 0:06:58]} Bh6 {[%clk 0:02:37]} 62. Re5
{[%clk 0:07:08]} Rxa3+ {[%clk 0:02:04]} 63. Kxa3 {[%clk 0:07:29]} Ra1+
{[%clk 0:02:31]} 64. Kb3 {[%clk 0:07:49]} Ra3+ {[%clk 0:02:44]} 65. bxa3
{[%clk 0:08:15]} Bd2 {[%clk 0:03:09]} 66. c4 {[%clk 0:08:30]} Bb4
{[%clk 0:03:22]} 67. Re4+ {[%clk 0:08:55]} 1-0

[Event "EYCC 2024 - O14"]
[Site "?"]
[Date "2024.08.24"]
[Round "3.8"]
[White "Gkavardinas, Antonios"]
[Black "Stickler, Florentin"]
[Result "1-0"]
[BlackElo "2061"]
[WhiteElo "2222"]
[LiveChessVersion "1.4.8"]

1. e4 {[%clk 1:30:56]} e5 {[%clk 1:30:57]} 2. Nf3 {[%clk 1:31:16]} Nc6
{[%clk 1:31:24]} 3. Bc4 {[%clk 1:31:37]} Bc5 {[%clk 1:31:51]} 4. d3
{[%clk 1:31:47]} Nf6 {[%clk 1:32:17]} 5. O-O {[%clk 1:32:03]} O-O
{[%clk 1:32:43]} 6. c3 {[%clk 1:31:56]} d5 {[%clk 1:31:31]} 7. exd5
{[%clk 1:32:19]} Nxd5 {[%clk 1:31:56]} 8. a4 {[%clk 1:32:39]} a5 {[%clk 1:31:40]}
9. Re1 {[%clk 1:31:01]} Bg4 {[%clk 1:30:39]} 10. Nbd2 {[%clk 1:30:17]} Kh8
{[%clk 1:27:06]} 11. Ne4 {[%clk 1:24:32]} Ba7 {[%clk 1:26:06]} 12. h3
{[%clk 1:21:45]} Bh5 {[%clk 1:19:12]} 13. Ng3 {[%clk 1:19:15]} Bg6
{[%clk 1:18:47]} 14. Nxe5 {[%clk 1:14:54]} Nxe5 {[%clk 1:12:37]} 15. Rxe5
{[%clk 1:15:13]} Bxf2+ {[%clk 1:10:37]} 16. Kxf2 {[%clk 1:15:23]} Qf6+
{[%clk 1:11:00]} 17. Qf3 {[%clk 1:15:41]} Qxe5 {[%clk 1:11:25]} 18. Bxd5
{[%clk 1:10:26]} Rad8 {[%clk 1:11:06]} 19. Bc4 {[%clk 1:09:23]} f5
{[%clk 1:09:35]} 20. Bf4 {[%clk 1:06:45]} Qc5+ {[%clk 1:06:58]} 21. Qe3
{[%clk 1:04:27]} Qc6 {[%clk 1:06:06]} 22. Kg1 {[%clk 0:59:10]} Rfe8
{[%clk 1:06:08]} 23. Be5 {[%clk 0:50:55]} Qd7 {[%clk 1:04:52]} 24. d4
{[%clk 0:49:56]} c6 {[%clk 1:04:58]} 25. Rf1 {[%clk 0:47:35]} b5 {[%clk 1:05:06]}
26. axb5 {[%clk 0:47:32]} cxb5 {[%clk 1:05:32]} 27. Ba2 {[%clk 0:46:52]} b4
{[%clk 1:04:43]} 28. Qg5 {[%clk 0:45:38]} Rf8 {[%clk 1:04:00]} 29. Rf4
{[%clk 0:42:52]} bxc3 {[%clk 0:59:08]} 30. bxc3 {[%clk 0:43:02]} Qa4
{[%clk 0:58:55]} 31. Qe7 {[%clk 0:42:20]} Rg8 {[%clk 0:58:21]} 32. Bxg8
{[%clk 0:42:05]} Rxg8 {[%clk 0:58:38]} 33. Nxf5 {[%clk 0:42:15]} Qe8
{[%clk 0:57:30]} 34. Bxg7+ {[%clk 0:42:34]} 1-0